Veerappan : (Record no. 144809)

MARC details
000 -LEADER
fixed length control field 00800nam a22002177a 4500
005 - DATE AND TIME OF LATEST TRANSACTION
control field 20180528155158.0
010 ## - LCCN (DPL NO)
LC control number ENG-123118
020 ## - INTERNATIONAL STANDARD BOOK NUMBER
International Standard Book Number 9788129145352
Terms of availability 395.00
035 ## - SYSTEM CONTROL NUMBER
System control number B-683142-149
035 ## - SYSTEM CONTROL NUMBER
System control number EN-106650
037 ## - SOURCE OF ACQUISITION
Source of stock number/acquisition Aakar Books
Stock number dpl
037 ## - SOURCE OF ACQUISITION
Source of stock number/acquisition DBAD/PUB
082 ## - DEWEY DECIMAL CLASSIFICATION NUMBER
Classification number 363.2095482
100 ## - MAIN ENTRY--PERSONAL NAME
Personal name K.Vijay Kumar
245 ## - TITLE STATEMENT
Title Veerappan :
Remainder of title chasing the brigand /
Statement of responsibility, etc by K.Vijay Kumar
260 ## - PUBLICATION, DISTRIBUTION, ETC. (IMPRINT)
Place of publication, distribution, etc New Delhi
Name of publisher, distributor, etc Rupa Pub.
Date of publication, distribution, etc 2017
270 ## - ADDRESS
Address 7/16, Ansari Road, Daryaganj,
City New Delhi
Postal code 110002
300 ## - PHYSICAL DESCRIPTION
Extent xiii,249p.
Dimensions 21cm(pbk)
942 ## - ADDED ENTRY ELEMENTS (KOHA)
Source of classification or shelving scheme Dewey Decimal Classification
Item type English Books
Call number suffix KVI
Classification part 363.2095482
Holdings
Withdrawn status Lost status Not for loan Collection code Home library Current library Date acquired Source of acquisition Cost, normal purchase price Full call number Barcode Copy number Cost, replacement price Koha item type
      Non-fiction Ashok Vihar Ashok Vihar 18/01/2018 Aakar/I-2040/4.12.17/BPPD/EN/2017-18/631/20.11.17/14.12.2017 395.00 363.2095482 KVI B-683143 1 395.00 English Books
      Non-fiction Bawana Bawana 18/01/2018 Aakar/I-2040/4.12.17/BPPD/EN/2017-18/631/20.11.17/14.12.2017 395.00 363.2095482 KVI B-683148 1 395.00 English Books
      Non-fiction Central Library Central Library 18/01/2018 Aakar/I-2040/4.12.17/BPPD/EN/2017-18/631/20.11.17/14.12.2017 395.00 363.2095482 KVI B-683142 1 395.00 English Books
      Non-fiction Janak Puri Janak Puri 18/01/2018 Aakar/I-2040/4.12.17/BPPD/EN/2017-18/631/20.11.17/14.12.2017 395.00 363.2095482 KVI B-683146 1 395.00 English Books
      Non-fiction Kasturba Gandhi Marg Kasturba Gandhi Marg 18/01/2018 Aakar/I-2040/4.12.17/BPPD/EN/2017-18/631/20.11.17/14.12.2017 395.00 363.2095482 KVI B-683145 1 395.00 English Books
      Non-fiction Narela Narela 18/01/2018 Aakar/I-2040/4.12.17/BPPD/EN/2017-18/631/20.11.17/14.12.2017 395.00 363.2095482 KVI B-683147 1 395.00 English Books
      Non-fiction Patel Nagar Patel Nagar 18/01/2018 Aakar/I-2040/4.12.17/BPPD/EN/2017-18/631/20.11.17/14.12.2017 395.00 363.2095482 KVI B-683144 1 395.00 English Books
    Not For Loan Non-fiction D.B.Act.Division Sarojini Nagar 28/05/2018 DBAD/PUB 395.00 363.2095431 KVI EN-106650 1 395.00 English Books
      Non-fiction Shahdara Branch Shahdara Branch 18/01/2018 Aakar/I-2040/4.12.17/BPPD/EN/2017-18/631/20.11.17/14.12.2017 395.00 363.2095482 KVI B-683149 1 395.00 English Books

© Delhi Public Library
Hit Counter
free hit counter